| 000 | 00651nam a22002177a 4500 | ||
|---|---|---|---|
| 003 | OSt | ||
| 005 | 20241011085803.0 | ||
| 008 | 151127b xxu||||| |||| 00| 0 eng d | ||
| 020 | _a9789712362620 | ||
| 082 |
_aDFil 658.3 _bC81 |
||
| 100 |
_9625 _aCorpuz, Crispina R. |
||
| 245 |
_aHuman Resource Management/ _cCrispina R. Corpuz |
||
| 250 | _aThird Edition | ||
| 260 |
_aSampaloc, Manila: _bRex Book Store, Inc., _cc2013 |
||
| 300 |
_axii, 294 pages; _c25 cm |
||
| 365 |
_b462.00 _cPhp |
||
| 500 | _aIncludes References, Webliography and Index | ||
| 650 | 0 |
_9641 _aHuman Resource Management |
|
| 650 | 0 |
_9642 _aPersonnel Management |
|
| 942 |
_2ddc _cDFIL |
||
| 999 |
_c278 _d278 |
||